000 00658nam a2200193 a 4500
001 000041846
005 20201002035804.0
008 131018s2013 dr ac 000 0 spa d
020 _a9789945008050
040 _aDO-SdBNP
_bspa
_cBNPHU
082 _axxxx
_bxxxx
100 1 _aMedrano, Yovanny
_968728
245 1 0 _aDe tal palo tal astilla. /
_cYoyanny Medrano; prólogo, Daniel Vargas Mena.
260 _aSanto Domingo, :
_bDirarte,
_c2013.
300 _a213 p. :
_bil., retrs. ;
_c22 cm.
590 _aLa biblioteca posee tres (3) ejemplares autografíados por el autor.
504 _aBibliografía p: 212-213
700 1 _aVargas Mena, Daniel
_eprol.
_968729
999 _c41335
_d41335